000 00508nam a2200181Ia 4500
005 20250317121326.0
008 008 250317s9999 xx 000 0 eng d
037 _aTextbook
040 _aFMSL
_beng
_cFMSL
041 _aeng
_2eng
084 _aX:56 K5
_qFMSL
100 _aFalcon W D
_9737235
245 0 _aFicing international operations
260 _aNY
_bNY, American Management Association
_c1965
300 _a192p
942 _cTB
_hX:56 K5
999 _c1242503
_d1242503